Statistics for Smallest Countries By Category

Click here to take the quiz!

General Stats

  • This quiz has been taken 444 times
    (236 since last reset)
  • The average score is 12 of 21

Answer Stats

CategoryCountry% Correct
in the worldVatican City
100%
in South AmericaSuriname
89%
in AfricaSeychelles
84%
in North AmericaSaint Kitts and Nevis
77%
island in EuropeMalta
74%
ending with -stanTajikistan
71%
in AsiaMaldives
70%
in Central AmericaEl Salvador
69%
in continental AfricaGambia
68%
in the BalkansKosovo
67%
island countryNauru
66%
landlocked in AfricaEswatini
58%
with a coastlineMonaco
56%
landlocked in AsiaArmenia
48%
in continental AsiaLebanon
44%
with a 4 letter nameFiji
34%
Portuguese-speakingSao Tome and Principe
28%
without an ALiechtenstein
26%
with 1 border, outside EuropeBrunei
23%
Spanish-speakingAndorra
19%
Commonwealth realmTuvalu
17%

Score Distribution

Percentile by Number Answered

Percent of People with Each Score

Your Score History

You have not taken this quiz since the last reset